000 00604nam a22002057a 4500
003 OSt
005 20140310182952.0
008 130206t xxu||||| |||| 00| 0 eng d
020 _a9710858971
050 _aLB 2767.P6
_b.N721 1995
100 _aNolledo, Jose N.
245 _aThe Education Act of the Philippines annotated :
_b with related laws, issuances and other materials /
_cJose N. Nolledo
260 _aManila :
_bNational Bookstore : Rex Book Store,
_c1995.
300 _a390 p. :
_c22 cm.
521 _aEDU
562 _e2
942 _2lcc
_cBK
_kLOC
999 _c17926
_d17926